000 00553nam a2200181Ia 4500
005 20260429112314.0
008 260429s9999||||xx |||||||||||||| ||und||
020 _a9789389140965
041 _aHindi
082 _a891.432
_bPRA
100 _aप्रसाद, जयशंकर
245 0 _aचन्द्रगुप्ता /
_cजयशंकर प्रसाद
250 _a0
260 _aनई दिल्ली :
_bप्रकाशन संस्थान,
_c2023.
300 _a144 p.; Hb
650 _aDrama
942 _cTB
999 _c53402
_d53402